000 00415nam a2200133Ia 4500
005 20260326235500.0
008 260326s9999||||xx |||||||||||||| ||und||
100 _aSociedad Colombiana de Arquitectos
245 0 _a10° Anuario de la Arquitectura en Colombia /
_cSociedad Colombiana de Arquitectos
260 _bSociedad Colombiana de Arquitectos
300 _a231 p.
650 _aARQUITECTURA REGIONAL
942 _cBK
999 _c8054
_d8054